000 01312nam a2200289 a 4500
001 000043822
005 20201002045003.0
008 140506s2003 sp 000 0 spa d
020 _a8483108976
040 _aDO-SdBNP
_bspa
_cBNPHU
100 1 _aPadorno, Manuel
_d1933-2002
_971669
245 1 0 _aCanción Atlántica :
_blos cuatro libros de poesía 1997-2002 ; Para mayor gloria; Hacia otra realidad; El otro lado ; Fantasía del retorno /
_cManuel Padorno ; edición Josefina Betancor.
260 _aBarcelona :
_bTusQuets,
_c2003.
300 _a364 p. ;
_c22 cm.
490 1 _aMarginales
_v215
490 1 _aNuevos textos sagrados
500 _aIncluye datos biográficos del autor en la solapa
505 0 _aPara mayor gloria /
_rManuel Perdomo --
_tHacia otra realidad /
_rManuel Perdomo --
_tEl otro lado /
_rManuel Perdomo --
_tFantasía del retorno /
_rManuel Perdomo --
563 _aCuatro obras encuadernada juntas con paginación continuas
700 1 2 _aPerdomo, Manuel
_tPara mayor gloria
_971670
700 1 2 _aPerdomo, Manuel
_tHacia otra realidad
_971671
700 1 2 _aPerdomo, Manuel
_tEl otro lado
_971672
700 1 2 _aPerdomo, Manuel
_tFantasía del retorno /
_971673
700 1 2 _aBetancor, Josefina
_eed.
_971674
830 0 _aMarginales
_v215
_920830
830 0 _aNuevos textos sagrados
_971675
999 _c43311
_d43311